Fundamentals of noise and vibration analysis for engineers

保存先:
書誌詳細
第一著者: Norton, M. P. (Michael Peter) (著者)
フォーマット: 図書
言語:英語
出版事項: Cambridge Cambridge University 1989
主題:
タグ: タグ追加
タグなし, このレコードへの初めてのタグを付けませんか!

MARC

LEADER 00000nam a2200000 a 4500
001 UCP7132
003 CL-VaPUC
008 991203e19890000uk |||||||||||||||||eng|d
082 0 4 |a 620.23  |b NOR  |2 21 
100 |a Norton, M. P.  |q (Michael Peter)  |e author  |9 436535 
245 1 0 |a Fundamentals of noise and vibration analysis for engineers 
300 |a 619 p 
942 |c BK 
945 |d 19991203 00:00:00  |a rbrito 
260 |a Cambridge  |b Cambridge University  |c 1989 
650 7 |a RUIDO  |2 CL-VaPUC  |9 263306 
650 0 |a Vibraciones  |9 338108 
650 0 |a Oscilaciones   |9 344730 
650 0 |a Ondas  |9 260165 
650 7 |a ENERGIA ESTATICA  |2 CL-VaPUC  |9 436536 
583 |a last modification  |c 20130806 08:03:19  |k Rodrigo Vera 
999 |c 284450  |d 284448 
952 |0 0  |1 0  |4 0  |6 620_230000000000000_NOR_1989  |7 0  |8 A  |9 328507  |a BIBING  |b BIBING  |d 2019-11-20  |i 3579395  |o 620.23 NOR 1989  |p 3579395  |r 2025-01-20  |w 2019-11-20  |y BK  |k EIE